000 00626nam a2200217 a 4500
999 _c812
_d812
001 812
003 BD-JhCC
005 20171010162753.0
008 171010s1999 bg a|||| || | 000 0 ben d
035 _a(BD-JhCC)812
040 _aBD-JhCC
_dBD-JhCC
041 _aben
082 _a005.369
_bRAH 1999
100 _aরহমান, মাহবুবুর
245 _aঅফিস 97/2000 /
_cমাহবুবুর রহমান,
260 _aঢাকা :
_bসিসটেক কম্পিউটার ;
_c1999
300 _a174 p.;
_c22cm.
650 _aMicrosoft Office
942 _2ddc
_cBK